| Tag |
First Indicator |
Second Indicator |
Subfields |
| LEADER |
00000cam a2200000 4500 |
| 001 |
in00000099582 |
| 005 |
20150926125629.0 |
| 008 |
740207m19549999 eng u |
| 010 |
|
|
|a 54013512
|
| 035 |
|
|
|a (OCoLC)00793222
|
| 035 |
|
|
|9 AAL4003AM
|
| 040 |
|
|
|c AKR
|d TXA
|d UtOrBLW
|
| 049 |
|
|
|a TXAM
|d [
|v = pt.]
|v 1 [254928]
|v 2 [470804]
|v 3 [1132638]
|
| 090 |
|
|
|a TP155
|b .H6513
|
| 100 |
1 |
|
|a Hougen, Olaf A.
|q (Olaf Andreas),
|d 1893-
|
| 245 |
1 |
0 |
|a Chemical process principles /
|c [by] Olaf A. Hougen, Kenneth M. Watson [and] Roland A. Ragatz.
|
| 250 |
|
|
|a 2d ed.
|
| 264 |
|
1 |
|a New York :
|b Wiley,
|c [1954-]
|
| 300 |
|
|
|a volumes :
|b illustrations
|
| 336 |
|
|
|a text
|b txt
|2 rdacontent
|
| 337 |
|
|
|a unmediated
|b n
|2 rdamedia
|
| 338 |
|
|
|a volume
|b nc
|2 rdacarrier
|
| 505 |
1 |
|
|a pt. 1. Material and energy balances.--pt. 2. Thermodynamics.--pt. 3. Kinetics and catalysis.
|
| 650 |
|
0 |
|a Chemical engineering.
|
| 650 |
|
0 |
|a Chemistry, Physical and theoretical.
|
| 999 |
|
|
|a MARS
|
| 999 |
f |
f |
|s 30ee7eb7-22df-3197-82f4-d68e8a378f99
|i 4341a2df-7ca5-318a-9b7a-9a6266dce533
|t 0
|
| 952 |
f |
f |
|p ric
|a Texas A&M University
|b Rellis Campus
|c Joint Library Facility
|d Remote Storage
|t 0
|e TP155 .H6513
|h Library of Congress classification
|i unmediated -- volume
|k v.2
|m A14824062411
|
| 952 |
f |
f |
|p ric
|a Texas A&M University
|b Rellis Campus
|c Joint Library Facility
|d Remote Storage
|t 0
|e TP155 .H6513
|h Library of Congress classification
|i unmediated -- volume
|k pt.1
|m A14805596582
|
| 952 |
f |
f |
|p ric
|a Texas A&M University
|b Rellis Campus
|c Joint Library Facility
|d Remote Storage
|t 0
|e TP155 .H6513
|h Library of Congress classification
|i unmediated -- volume
|k pt.3
|m A14805596605
|
| 998 |
f |
f |
|a TP155 .H6513
|s pt.1,pt.3
|t 0
|l Remote Storage
|
| 998 |
f |
f |
|a TP155 .H6513
|s v.2
|t 0
|l Remote Storage
|